[Event "51st Rubinstein Memorial"]
[Site "Polanica Zdroj POL"]
[Date "2015.08.22"]
[Round "1"]
[White "Basso, Pierluigi"]
[Black "Gajek, Radoslaw"]
[WhiteElo "2443"]
[BlackElo "2384"]
[Result "0-1"]
[EventDate "2015.08.22"]
[PlyCount "68"]
1. d4 Nf6 2. c4 e6 3. Nc3 Bb4 4. Qc2 c5 5. dxc5 Bxc5 6. Nf3 Qb6 7. e3 Qc7 8. a3 b6 9. b4 Be7 10. Bb2 Bb7 11. Nb5 Qd8 12. Rd1 O-O 13. Ng5 h6 14. Bxf6 hxg5 15. Bxe7 Qxe7 16. Nc7 Nc6 17. Nxa8 Bxa8 18. Qc3 d6 19. Be2 Ne5 20. O-O g4 21. Qd4 Bf3 22. Rfe1 Rc8 23. gxf3 gxf3 24. Bf1 Qg5+ 25. Kh1 Ng4 26. h3 Nxf2+ 27. Kh2 e5 28. Qb2 Ne4 29. Bg2 Qg3+ 30. Kg1 f2+ 31. Kf1 fxe1=Q+ 32. Rxe1 Rxc4 33. Qe2 d5 34. Kg1 Ng5 0-1

[Event "51st Rubinstein Memorial"]
[Site "Polanica Zdroj POL"]
[Date "2015.08.22"]
[Round "1"]
[White "Brodsky, Mikhail"]
[Black "Klekowski, Maciej"]
[WhiteElo "2540"]
[BlackElo "2490"]
[Result "1/2-1/2"]
[EventDate "2015.08.22"]
[PlyCount "53"]
1. d4 Nf6 2. c4 e6 3. Nf3 b6 4. g3 Bb4+ 5. Bd2 Bxd2+ 6. Qxd2 Ba6 7. b3 d5 8. Bg2 O-O 9. O-O Qd6 10. Rc1 Nbd7 11. cxd5 exd5 12. Nc3 Rfe8 13. e3 Rad8 14. a4 c5 15. Nb5 Qb8 16. dxc5 Ne4 17. Qb4 bxc5 18. Qa5 Bxb5 19. axb5 Ndf6 20. b4 c4 21. Nd4 Rd7 22. Bh3 Rb7 23. Nc6 Qd6 24. Qa6 Qc7 25. Qa5 Qd6 26. Qa6 Qc7 27. Qa5 1/2-1/2

[Event "51st Rubinstein Memorial"]
[Site "Polanica Zdroj POL"]
[Date "2015.08.22"]
[Round "1"]
[White "Cyborowski, Lukasz"]
[Black "Krzyzanowski, Marcin"]
[WhiteElo "2530"]
[BlackElo "2420"]
[Result "1/2-1/2"]
[EventDate "2015.08.22"]
[PlyCount "126"]
1. d4 Nf6 2. Nf3 g6 3. Nbd2 Bg7 4. e4 d6 5. Bd3 O-O 6. O-O c5 7. d5 e6 8. c4 e5 9. a3 a5 10. Nb1 Ne8 11. Nc3 h6 12. Rb1 f5 13. b4 Nd7 14. bxc5 dxc5 15. Nb5 Ra6 16. Bc2 Nd6 17. Nxd6 Rxd6 18. Bb2 f4 19. Ba4 Qe7 20. Bc3 b6 21. Ne1 g5 22. f3 Rg6 23. Nd3 h5 24. Rb3 g4 25. Qb1 Qg5 26. Qb2 gxf3 27. Rxf3 Nf6 28. Nxe5 Rh6 29. Nd3 Nxe4 30. Bxg7 Qxg7 31. Qxg7+ Kxg7 32. Rxf4 Rhf6 33. Rxf6 Rxf6 34. Rb2 Ba6 35. Rc2 Nd6 36. Bb3 a4 37. Ba2 Rf8 38. h3 h4 39. Nb2 b5 40. cxb5 Bxb5 41. Bc4 Bd7 42. Bd3 Rb8 43. Nc4 Nxc4 44. Rxc4 Rb3 45. Bc2 Rxa3 46. Rxc5 Ra1+ 47. Kh2 Kf6 48. Rc7 Rc1 49. Rxd7 Rxc2 50. Ra7 Rc4 51. d6 Ke6 52. d7 Ke7 53. Kg1 Rf4 54. Rc7 Kd8 55. Rb7 Ke7 56. Ra7 Rb4 57. Kf2 Kd8 58. g4 hxg3+ 59. Kxg3 Rb3+ 60. Kg4 Rb4+ 61. Kg5 Rb5+ 62. Kg6 Rb4 63. Kg5 Rb5+ 1/2-1/2

[Event "51st Rubinstein Memorial"]
[Site "Polanica Zdroj POL"]
[Date "2015.08.22"]
[Round "1"]
[White "Kovalev, Andrei"]
[Black "Eggleston, David"]
[WhiteElo "2509"]
[BlackElo "2392"]
[Result "1/2-1/2"]
[EventDate "2015.08.22"]
[PlyCount "85"]
1. e4 c5 2. Nf3 d6 3. Bb5+ Nd7 4. O-O Ngf6 5. Re1 a6 6. Bf1 b6 7. d4 cxd4 8. Nxd4 Bb7 9. f3 e6 10. c4 Be7 11. Be3 O-O 12. Nc3 Rc8 13. Qd2 Qc7 14. Rac1 Rfe8 15. Red1 Bf8 16. Qf2 Qb8 17. Kh1 Qa8 18. a3 d5 19. exd5 exd5 20. cxd5 Nxd5 21. Nxd5 Rxc1 22. Bxc1 Bxd5 23. Qg3 Kh8 24. Nf5 Be6 25. Nd6 Rd8 26. Re1 Qd5 27. Ne4 Nc5 28. Ng5 Bf5 29. Qc7 Bg6 30. Bc4 Qd7 31. Bf4 f6 32. Qxd7 Rxd7 33. Ne6 Nxe6 34. Bxe6 Rd8 35. Rc1 Re8 36. Bd7 Rd8 37. Rc8 Rxc8 38. Bxc8 a5 39. Be3 b5 40. Bd7 Bd3 41. Kg1 Bd6 42. Be6 a4 43. Bd4 1/2-1/2

[Event "51st Rubinstein Memorial"]
[Site "Polanica Zdroj POL"]
[Date "2015.08.22"]
[Round "1"]
[White "Sivuk, Vitaly"]
[Black "Warakomski, Tomasz"]
[WhiteElo "2479"]
[BlackElo "2466"]
[Result "0-1"]
[EventDate "2015.08.22"]
[PlyCount "76"]
1. d4 Nf6 2. c4 e6 3. Nc3 Bb4 4. Qc2 O-O 5. Nf3 d5 6. Bg5 h6 7. Bh4 dxc4 8. e4 c5 9. dxc5 Qa5 10. Bxf6 gxf6 11. Bxc4 Qxc5 12. Be2 Rd8 13. O-O Nc6 14. Rac1 Qf8 15. a3 Be7 16. Na4 Ne5 17. Nxe5 fxe5 18. f4 Bd7 19. fxe5 Bg5 20. Rcd1 b5 21. Nc3 Qc5+ 22. Kh1 Be8 23. Bh5 a5 24. Qb3 Qxe5 25. Qc2 b4 26. Nb1 Rxd1 27. Rxd1 Bf6 28. Qe2 Qxb2 29. Qf3 Rc8 30. axb4 axb4 31. Nd2 Rc1 32. Qf1 Rxd1 33. Qxd1 Qd4 34. Qg4+ Kf8 35. Nb3 Qe3 36. Qd1 Ba4 37. Qc1 Qxc1+ 38. Nxc1 b3 0-1

[Event "51st Rubinstein Memorial"]
[Site "Polanica Zdroj POL"]
[Date "2015.08.23"]
[Round "2"]
[White "Cyborowski, Lukasz"]
[Black "Basso, Pierluigi"]
[WhiteElo "2530"]
[BlackElo "2443"]
[Result "1-0"]
[EventDate "2015.08.22"]
[PlyCount "63"]
1. e4 e5 2. Nf3 Nc6 3. Nc3 Nf6 4. g3 d5 5. exd5 Nxd5 6. Bg2 Nxc3 7. bxc3 Bc5 8. O-O O-O 9. Re1 Bg4 10. h3 Bh5 11. g4 Bg6 12. Nxe5 Nxe5 13. Rxe5 Bxf2+ 14. Kxf2 Qf6+ 15. Rf5 Bxf5 16. gxf5 Qxf5+ 17. Qf3 Qxc2 18. Qe4 Qxe4 19. Bxe4 c6 20. Rb1 f5 21. Bf3 Rf7 22. d4 Rd7 23. Bf4 Rc8 24. Re1 Kf7 25. Re5 g6 26. Bd1 c5 27. Bb3+ c4 28. Ba4 Re7 29. Rd5 a6 30. Bg5 Rec7 31. Bd7 Ra8 32. Bf4 1-0

[Event "51st Rubinstein Memorial"]
[Site "Polanica Zdroj POL"]
[Date "2015.08.23"]
[Round "2"]
[White "Gajek, Radoslaw"]
[Black "Sivuk, Vitaly"]
[WhiteElo "2384"]
[BlackElo "2479"]
[Result "0-1"]
[EventDate "2015.08.22"]
[PlyCount "132"]
1. Nf3 Nf6 2. c4 e6 3. g3 d5 4. d4 dxc4 5. Bg2 a6 6. O-O Nc6 7. e3 Nd5 8. e4 Nb6 9. Be3 Be7 10. Nbd2 O-O 11. Rc1 Na5 12. Ne5 Bd7 13. Nxd7 Qxd7 14. d5 exd5 15. exd5 Qb5 16. Bxb6 cxb6 17. Qc2 Bg5 18. h4 Bh6 19. Rcd1 g6 20. Ne4 Bg7 21. Nc3 Qb4 22. d6 Rad8 23. d7 Nc6 24. Bxc6 bxc6 25. Rd2 Qe7 26. Rfd1 f5 27. Ne2 b5 28. Nf4 Be5 29. Re2 Qf6 30. Qd2 Rf7 31. Nh3 Re7 32. Qa5 Rdxd7 33. Rxd7 Rxd7 34. Qxa6 Kg7 35. Qc8 Re7 36. Ng5 Qd6 37. Re1 h6 38. Nf3 Bf6 39. Rxe7+ Bxe7 40. h5 gxh5 41. Qxf5 Bf6 42. Qxh5 Bxb2 43. Nh4 Qe6 44. Nf5+ Kh7 45. Qf3 Bg7 46. Qg4 Qg6 47. Qf4 Qf6 48. Qe4 Qa1+ 49. Kh2 Qe5 50. Qf3 Qd5 51. Qg4 Qf7 52. Qe4 Qg6 53. Qf3 c3 54. Ne7 Qf6 55. Qe4+ Kh8 56. f4 c2 57. Ng6+ Qxg6 58. Qxg6 c1=Q 59. Qe8+ Kh7 60. Qe4+ Kg8 61. Qe8+ Bf8 62. Qg6+ Kh8 63. Qf6+ Bg7 64. Qd8+ Kh7 65. Qd3+ Kg8 66. Qd8+ Bf8 0-1

[Event "51st Rubinstein Memorial"]
[Site "Polanica Zdroj POL"]
[Date "2015.08.23"]
[Round "2"]
[White "Klekowski, Maciej"]
[Black "Kovalev, Andrei"]
[WhiteElo "2490"]
[BlackElo "2509"]
[Result "0-1"]
[EventDate "2015.08.22"]
[PlyCount "104"]
1. c4 g6 2. g3 Bg7 3. Bg2 Nc6 4. Nc3 e5 5. d3 f5 6. Nf3 h6 7. e4 Nge7 8. exf5 Nxf5 9. O-O d6 10. Rb1 O-O 11. b4 a6 12. Nd5 Be6 13. Ne3 Qd7 14. Nxf5 gxf5 15. Nh4 Rae8 16. Re1 b5 17. Bd2 Nd4 18. Bc3 Nc6 19. Rc1 Ne7 20. f4 bxc4 21. dxc4 e4 22. Bxg7 Kxg7 23. Qd4+ Kf7 24. Bf1 Ng8 25. g4 Qe7 26. Ng2 c5 27. bxc5 dxc5 28. Qf2 Nf6 29. g5 hxg5 30. fxg5 Ng4 31. Qf4 Bc8 32. Be2 Kg7 33. Rcd1 Ne5 34. Qg3 Ng6 35. Nf4 Nxf4 36. Qxf4 Qe5 37. Rf1 Qxf4 38. Rxf4 Rd8 39. Rd5 Rxd5 40. cxd5 Rd8 41. Bc4 Kg6 42. h4 Bd7 43. Bxa6 Ra8 44. Bc4 Ra4 45. Bb3 Rd4 46. Kg2 c4 47. Bc2 Rxd5 48. Kg3 Rd2 49. Rf2 f4+ 50. Kg2 Rxf2+ 51. Kxf2 Bf5 52. Ke2 c3 0-1

[Event "51st Rubinstein Memorial"]
[Site "Polanica Zdroj POL"]
[Date "2015.08.23"]
[Round "2"]
[White "Krzyzanowski, Marcin"]
[Black "Eggleston, David"]
[WhiteElo "2420"]
[BlackElo "2392"]
[Result "1/2-1/2"]
[EventDate "2015.08.22"]
[PlyCount "42"]
1. d4 Nf6 2. c4 e6 3. Nf3 b6 4. g3 Bb7 5. Bg2 Be7 6. O-O O-O 7. d5 exd5 8. Nh4 c6 9. cxd5 Nxd5 10. Nf5 Nc7 11. e4 d5 12. Nc3 Bf6 13. exd5 cxd5 14. Bf4 Nba6 15. Re1 Nc5 16. Bd6 Re8 17. Qg4 g6 18. Nh6+ Kg7 19. Nf5+ Kg8 20. Nh6+ Kg7 21. Nf5+ Kg8 1/2-1/2

[Event "51st Rubinstein Memorial"]
[Site "Polanica Zdroj POL"]
[Date "2015.08.23"]
[Round "2"]
[White "Warakomski, Tomasz"]
[Black "Brodsky, Mikhail"]
[WhiteElo "2466"]
[BlackElo "2540"]
[Result "1-0"]
[EventDate "2015.08.22"]
[PlyCount "171"]
1. e4 c5 2. Nf3 d6 3. d4 Nf6 4. Nc3 cxd4 5. Nxd4 a6 6. f4 e5 7. Nf3 Nbd7 8. a4 Be7 9. Bc4 Qa5 10. Qe2 b5 11. Ba2 bxa4 12. fxe5 Nxe5 13. Bb3 Bd7 14. Rxa4 Qb6 15. Be3 Qb7 16. Rd4 O-O 17. O-O Be6 18. Nd5 Bxd5 19. exd5 Nfd7 20. Nxe5 Nxe5 21. Ra4 Bd8 22. Kh1 a5 23. Bd4 Re8 24. h3 Bf6 25. Qd2 Bd8 26. Bc3 Qb5 27. Rfa1 Re7 28. Bxa5 Rea7 29. Bxd8 Rxa4 30. Rxa4 Rxd8 31. Qf2 h6 32. Ra7 Qb4 33. Kh2 Rf8 34. Ra6 Nd7 35. Ra4 Qb8 36. Qf4 Nc5 37. Rb4 Qc7 38. Bc4 Re8 39. Bf1 Re5 40. Rc4 Qe7 41. b4 g5 42. Qf3 Ne4 43. Bd3 Nf6 44. b5 Nxd5 45. Rd4 Nb6 46. Qc6 Re1 47. Qxd6 Qe3 48. Re4 Qg1+ 49. Kg3 Rxe4 50. Bxe4 Nc4 51. Qd3 Qc5 52. Bd5 Qc7+ 53. Kf2 Qb6+ 54. Ke2 Ne5 55. Qb3 Kg7 56. c4 Ng6 57. Qc3+ f6 58. g3 Ne7 59. Qf3 Qd4 60. Qe4 Qb2+ 61. Kf1 Nxd5 62. Qxd5 Qc1+ 63. Ke2 Qc2+ 64. Ke3 Qc1+ 65. Kd3 Qa3+ 66. Kd4 Qxg3 67. Kc5 Qc7+ 68. Kb4 Qe7+ 69. Ka5 Qa7+ 70. Kb4 Qe7+ 71. Qc5 Qe1+ 72. Ka4 Qa1+ 73. Qa3 Qd4 74. Qe7+ Kg6 75. Qe6 h5 76. b6 g4 77. hxg4 hxg4 78. Kb5 Qb2+ 79. Kc6 Qg2+ 80. Qd5 Qg3 81. b7 Qb8 82. Qd6 Qe8+ 83. Kb6 Qe3+ 84. c5 Qb3+ 85. Kc7 Qf7+ 86. Qd7 1-0

[Event "51st Rubinstein Memorial"]
[Site "Polanica Zdroj POL"]
[Date "2015.08.24"]
[Round "3"]
[White "Basso, Pierluigi"]
[Black "Krzyzanowski, Marcin"]
[WhiteElo "2443"]
[BlackElo "2420"]
[Result "1/2-1/2"]
[EventDate "2015.08.22"]
[PlyCount "82"]
1. d4 Nf6 2. c4 g6 3. g3 Bg7 4. Bg2 O-O 5. Nf3 d6 6. O-O Nc6 7. Nc3 a6 8. d5 Na5 9. b3 c5 10. dxc6 Nxc6 11. Bb2 Qa5 12. Nd4 Nxd4 13. Qxd4 Ng4 14. Qd2 Rb8 15. h3 Ne5 16. Rfd1 Re8 17. Nd5 Qxd2 18. Rxd2 Nd7 19. Bxg7 Kxg7 20. Rc1 Nf6 21. Nxf6 Kxf6 22. c5 dxc5 23. Rxc5 Be6 24. Rc7 b6 25. e4 Red8 26. Re2 Rd1+ 27. Kh2 Rbd8 28. e5+ Kg7 29. g4 R8d2 30. Rc2 Rxe2 31. Rxe2 g5 32. Rc2 a5 33. Be4 b5 34. Rc5 Rd2 35. Kg2 a4 36. Rxb5 a3 37. Ra5 Rxa2 38. b4 Rb2 39. Rxa3 Rxb4 40. Bf3 Rb5 41. Re3 Rb1 1/2-1/2

[Event "51st Rubinstein Memorial"]
[Site "Polanica Zdroj POL"]
[Date "2015.08.24"]
[Round "3"]
[White "Brodsky, Mikhail"]
[Black "Gajek, Radoslaw"]
[WhiteElo "2540"]
[BlackElo "2384"]
[Result "1/2-1/2"]
[EventDate "2015.08.22"]
[PlyCount "135"]
1. d4 Nf6 2. c4 e6 3. Nf3 b6 4. g3 Ba6 5. b3 b5 6. cxb5 Bxb5 7. Bg2 d5 8. O-O Nbd7 9. Nc3 Ba6 10. Ne5 Bd6 11. Bf4 O-O 12. Rc1 Bxe5 13. dxe5 Nh5 14. Be3 Nxe5 15. Na4 Nd7 16. Qc2 c6 17. Bf3 Nhf6 18. Qxc6 Qa5 19. Qc7 Qxc7 20. Rxc7 Ne5 21. Rfc1 Nxf3+ 22. exf3 Be2 23. Kg2 e5 24. f4 d4 25. fxe5 Nd5 26. Rd7 Nxe3+ 27. fxe3 dxe3 28. Nc3 Bg4 29. Rd4 h5 30. h3 Be6 31. Rd3 Rfd8 32. Rcd1 Rxd3 33. Rxd3 Bf5 34. Rxe3 Rd8 35. h4 Bg4 36. Kf2 Rd2+ 37. Ke1 Rc2 38. a3 a5 39. Nb5 Kf8 40. Nd4 Rb2 41. a4 g6 42. Rc3 Rb1+ 43. Kf2 Rd1 44. Ke3 Re1+ 45. Kf4 Bh3 46. Nf3 Rf1 47. Ke3 Bg4 48. Ng5 Re1+ 49. Kd4 Rd1+ 50. Rd3 Rxd3+ 51. Kxd3 Bd1 52. Kc4 Ke7 53. b4 axb4 54. Kxb4 f6 55. exf6+ Kxf6 56. a5 Be2 57. Nh3 Kf5 58. Nf4 Bf1 59. Nd5 Ke4 60. Ne7 Kf3 61. Nxg6 Kxg3 62. Kc3 Kg4 63. Kd4 Be2 64. Ke5 Bf1 65. Ke4 Bg2+ 66. Ke3 Bf1 67. Nf4 Kxh4 68. Nxh5 1/2-1/2

[Event "51st Rubinstein Memorial"]
[Site "Polanica Zdroj POL"]
[Date "2015.08.24"]
[Round "3"]
[White "Eggleston, David"]
[Black "Klekowski, Maciej"]
[WhiteElo "2392"]
[BlackElo "2490"]
[Result "1-0"]
[EventDate "2015.08.22"]
[PlyCount "61"]
1. e4 c5 2. Nf3 e6 3. d4 cxd4 4. Nxd4 a6 5. Nc3 d6 6. g4 Ne7 7. Be3 Nbc6 8. Nb3 b5 9. f4 Bb7 10. Qd2 Na5 11. Nxa5 Qxa5 12. Qf2 Qc7 13. Bg2 Qc4 14. O-O-O Nc8 15. f5 Be7 16. g5 Qc7 17. fxe6 fxe6 18. Rhf1 Rf8 19. Qh4 Nb6 20. Qh5+ g6 21. Qxh7 O-O-O 22. Qxg6 Nc4 23. Rxf8 Rxf8 24. Qxe6+ Kb8 25. Nd5 Bxd5 26. exd5 Rc8 27. Bh3 Re8 28. Bf4 Qd8 29. Re1 Qa5 30. Bf1 Nxb2 31. Bxd6+ 1-0

[Event "51st Rubinstein Memorial"]
[Site "Polanica Zdroj POL"]
[Date "2015.08.24"]
[Round "3"]
[White "Kovalev, Andrei"]
[Black "Warakomski, Tomasz"]
[WhiteElo "2509"]
[BlackElo "2466"]
[Result "1-0"]
[EventDate "2015.08.22"]
[PlyCount "143"]
1. e4 e5 2. Nf3 Nc6 3. Bb5 a6 4. Ba4 Nge7 5. Bb3 Ng6 6. c3 Be7 7. d4 d6 8. O-O O-O 9. Be3 Kh8 10. dxe5 Ngxe5 11. Nxe5 Nxe5 12. h3 b5 13. Nd2 Bb7 14. f4 Nc4 15. Nxc4 bxc4 16. Bc2 c5 17. Qe2 f5 18. exf5 d5 19. Rad1 Qb6 20. b4 cxb3 21. axb3 Rae8 22. Qf2 Qc6 23. Rd2 Bd6 24. Rfd1 Qc7 25. Rxd5 Bxd5 26. Rxd5 Rf7 27. Bd3 Rfe7 28. Bd2 Qc6 29. c4 Bb8 30. Bc3 Qh6 31. f6 Bxf4 32. Qf3 Re3 33. Qg4 Bg3 34. fxg7+ Kg8 35. Qf5 R3e7 36. Bd2 Qxg7 37. Qf3 Qa1+ 38. Bf1 Be5 39. Bh6 Rf7 40. Qg4+ Kh8 41. Rd1 Qb2 42. Kh1 Qf2 43. Be2 Bd4 44. Rf1 Qxf1+ 45. Bxf1 Rxf1+ 46. Kh2 Be5+ 47. g3 Rf2+ 48. Kg1 Rb2 49. Be3 Rxb3 50. Qh5 Rbb8 51. Bxc5 a5 52. Kg2 a4 53. h4 Bg7 54. Qg4 Rbd8 55. Kh3 h6 56. Qg6 Re5 57. Bd6 Ra5 58. Bc7 Rda8 59. Bxa5 Rxa5 60. Qb6 Ra8 61. Qc6 Ra5 62. Qd6 Ra8 63. Qa3 Kg8 64. c5 Rc8 65. Qe3 Kf7 66. Qf3+ Kg8 67. c6 Kh8 68. Qe3 Rc7 69. Qe8+ Kh7 70. Qe4+ Kg8 71. Qxa4 Be5 72. Qc4+ 1-0

[Event "51st Rubinstein Memorial"]
[Site "Polanica Zdroj POL"]
[Date "2015.08.24"]
[Round "3"]
[White "Sivuk, Vitaly"]
[Black "Cyborowski, Lukasz"]
[WhiteElo "2479"]
[BlackElo "2530"]
[Result "0-1"]
[EventDate "2015.08.22"]
[PlyCount "80"]
1. e4 e5 2. Nf3 Nf6 3. Nxe5 d6 4. Nf3 Nxe4 5. Nc3 Nxc3 6. dxc3 Be7 7. Be3 Nc6 8. Qd2 O-O 9. O-O-O Ne5 10. h4 Be6 11. Kb1 c6 12. Ng5 Bf5 13. Be2 d5 14. f3 f6 15. Nh3 b5 16. g4 Bd7 17. Nf4 Qc7 18. h5 Rad8 19. Qe1 Rb8 20. Ng6 hxg6 21. f4 g5 22. fxe5 fxe5 23. Qd2 Rf4 24. h6 g6 25. h7+ Kh8 26. Rh6 Be8 27. Qd3 Bf8 28. Rxg6 Bxg6 29. Qxg6 Be7 30. Bxf4 gxf4 31. g5 Qd6 32. Qh5 e4 33. Rg1 Qe5 34. Qh6 f3 35. Bf1 e3 36. Bd3 f2 37. Rc1 e2 38. Bxe2 Qxe2 39. g6 Bf8 40. Qf4 Re8 0-1

[Event "51st Rubinstein Memorial"]
[Site "Polanica Zdroj POL"]
[Date "2015.08.25"]
[Round "4"]
[White "Basso, Pierluigi"]
[Black "Sivuk, Vitaly"]
[WhiteElo "2443"]
[BlackElo "2479"]
[Result "0-1"]
[EventDate "2015.08.22"]
[PlyCount "56"]
1. d4 Nf6 2. c4 g6 3. g3 Bg7 4. Bg2 d5 5. cxd5 Nxd5 6. Nc3 Nb6 7. Nf3 O-O 8. O-O Nc6 9. Bf4 Bg4 10. d5 Na5 11. Rc1 c6 12. Ne5 Bxe5 13. Bxe5 cxd5 14. Nxd5 Nxd5 15. Bxd5 Nc6 16. Bc3 Bxe2 17. Bxf7+ Rxf7 18. Qxe2 Qd5 19. Rcd1 Qxa2 20. Qe4 Raf8 21. Rd5 Qb3 22. f4 e5 23. h4 Re7 24. fxe5 Qb6+ 25. Kg2 Rxf1 26. Kxf1 Rf7+ 27. Kg2 Qf2+ 28. Kh3 Rf3 0-1

[Event "51st Rubinstein Memorial"]
[Site "Polanica Zdroj POL"]
[Date "2015.08.25"]
[Round "4"]
[White "Cyborowski, Lukasz"]
[Black "Brodsky, Mikhail"]
[WhiteElo "2530"]
[BlackElo "2540"]
[Result "1/2-1/2"]
[EventDate "2015.08.22"]
[PlyCount "56"]
1. Nf3 Nf6 2. c4 b6 3. g3 Bb7 4. Bg2 e6 5. O-O Be7 6. d4 O-O 7. Nc3 Ne4 8. Nxe4 Bxe4 9. Ne1 Bxg2 10. Nxg2 d5 11. Qa4 dxc4 12. Qxc4 c5 13. dxc5 Bxc5 14. Be3 Nd7 15. Rfd1 Qe7 16. Rac1 Rfd8 17. Qe4 Bxe3 18. Nxe3 Nf6 19. Qc2 Rxd1+ 20. Rxd1 Rd8 21. Rxd8+ Qxd8 22. Kg2 h5 23. Qc4 Qd7 24. h4 Qb7+ 25. Kg1 Qd7 26. Kg2 Qb7+ 27. Kg1 Qd7 28. Kg2 Qb7+ 1/2-1/2

[Event "51st Rubinstein Memorial"]
[Site "Polanica Zdroj POL"]
[Date "2015.08.25"]
[Round "4"]
[White "Gajek, Radoslaw"]
[Black "Kovalev, Andrei"]
[WhiteElo "2384"]
[BlackElo "2509"]
[Result "0-1"]
[EventDate "2015.08.22"]
[PlyCount "76"]
1. d4 d6 2. e4 Nf6 3. Nc3 g6 4. Nf3 Bg7 5. h3 O-O 6. Be3 c6 7. a4 Nbd7 8. Be2 e5 9. dxe5 dxe5 10. Nd2 Qe7 11. Nc4 Ne8 12. O-O Nc5 13. Nd6 Nxd6 14. Bxc5 Rd8 15. Qd3 b6 16. Ba3 Bb7 17. Rad1 c5 18. Qe3 Qh4 19. f3 Bh6 20. Qf2 Qxf2+ 21. Kxf2 f5 22. exf5 Nxf5 23. Rxd8+ Rxd8 24. Bd3 Be3+ 25. Ke2 Bd4 26. Bxf5 gxf5 27. Nb5 e4 28. fxe4 Bxe4 29. Nxd4 Rxd4 30. a5 Bxc2 31. axb6 axb6 32. Ke3 Kf7 33. Rf4 Be4 34. Rh4 Kg6 35. g4 Rd5 36. Kf4 Rd3 37. g5 h5 38. gxh6 Kf6 0-1

[Event "51st Rubinstein Memorial"]
[Site "Polanica Zdroj POL"]
[Date "2015.08.25"]
[Round "4"]
[White "Krzyzanowski, Marcin"]
[Black "Klekowski, Maciej"]
[WhiteElo "2420"]
[BlackElo "2490"]
[Result "1/2-1/2"]
[EventDate "2015.08.22"]
[PlyCount "60"]
1. Nf3 Nf6 2. c4 c5 3. Nc3 d5 4. cxd5 Nxd5 5. e3 e6 6. d4 Nc6 7. Be2 cxd4 8. Nxd4 Bb4 9. Nxc6 bxc6 10. Bd2 Nxc3 11. Bxc3 Bxc3+ 12. bxc3 Qa5 13. O-O O-O 14. Qd6 Ba6 15. Bxa6 Qxa6 16. Rfd1 Rab8 17. Rd2 g6 18. Rad1 Qc4 19. Qd4 Qxd4 20. cxd4 Rfc8 21. Rc2 Kf8 22. Kf1 Ke7 23. Ke2 Kd7 24. Rd3 Rc7 25. h4 Rb5 26. Kf3 Rcb7 27. Ke4 Rb2 28. Rdd2 Rxc2 29. Rxc2 Kd6 30. g3 Rb5 1/2-1/2

[Event "51st Rubinstein Memorial"]
[Site "Polanica Zdroj POL"]
[Date "2015.08.25"]
[Round "4"]
[White "Warakomski, Tomasz"]
[Black "Eggleston, David"]
[WhiteElo "2466"]
[BlackElo "2392"]
[Result "0-1"]
[EventDate "2015.08.22"]
[PlyCount "108"]
1. e4 c5 2. c3 Qa5 3. Nf3 Nc6 4. Be2 e6 5. O-O d5 6. exd5 exd5 7. Re1 Be7 8. d4 cxd4 9. b4 Qd8 10. b5 Na5 11. b6 Qxb6 12. Nxd4 Bd7 13. Na3 a6 14. Bg4 O-O-O 15. Rb1 Qc7 16. Bf3 Bc6 17. Nf5 Bc5 18. Nc2 Nf6 19. Bg5 h6 20. Bh4 g5 21. Bg3 Qd7 22. Ncd4 Ba4 23. Qd3 Rhe8 24. Be5 Ne4 25. Qxa6 Rxe5 26. Qa8+ Kc7 27. Qxa5+ b6 28. Qa7+ Kc8 29. Qa8+ Kc7 30. Qa7+ Kc8 31. Qa6+ Kc7 32. Bg4 Rb8 33. Nxh6 Qe8 34. Qd3 Nd6 35. Rxe5 Qxe5 36. Bf3 Bd7 37. Ng4 Bxg4 38. Bxg4 Ra8 39. Nb5+ Nxb5 40. Qxb5 f5 41. Bh5 Rxa2 42. Be8 Qe6 43. Kh1 Ra5 44. Qd3 Qxe8 45. Qxf5 Qe4 46. Qf7+ Be7 47. Rc1 Ra2 48. h3 Re2 49. Ra1 Re1+ 50. Rxe1 Qxe1+ 51. Kh2 Qe5+ 52. g3 Kd7 53. Qg8 Qf5 54. Kg2 Bc5 0-1

[Event "51st Rubinstein Memorial"]
[Site "Polanica Zdroj POL"]
[Date "2015.08.26"]
[Round "5"]
[White "Brodsky, Mikhail"]
[Black "Basso, Pierluigi"]
[WhiteElo "2540"]
[BlackElo "2443"]
[Result "1-0"]
[EventDate "2015.08.22"]
[PlyCount "69"]
1. d4 d5 2. c4 c6 3. Nf3 Nf6 4. e3 Bg4 5. h3 Bh5 6. g4 Bg6 7. Ne5 Nbd7 8. Nxg6 hxg6 9. Qb3 Qb6 10. g5 Ne4 11. cxd5 Qxb3 12. axb3 cxd5 13. Nc3 e6 14. Nxe4 dxe4 15. Bg2 Bb4+ 16. Bd2 Bxd2+ 17. Kxd2 f5 18. gxf6 Nxf6 19. Rhc1 Kd7 20. Rc5 Rh5 21. Rxh5 gxh5 22. Ra5 Ke7 23. f3 b6 24. Rg5 exf3 25. Rxg7+ Kf8 26. Bxf3 Kxg7 27. Bxa8 Kg6 28. e4 e5 29. Ke3 exd4+ 30. Kxd4 h4 31. e5 Nh5 32. Bf3 Nf4 33. Bg4 Kf7 34. Ke4 Ng2 35. Bf5 1-0

[Event "51st Rubinstein Memorial"]
[Site "Polanica Zdroj POL"]
[Date "2015.08.26"]
[Round "5"]
[White "Eggleston, David"]
[Black "Gajek, Radoslaw"]
[WhiteElo "2392"]
[BlackElo "2384"]
[Result "1/2-1/2"]
[EventDate "2015.08.22"]
[PlyCount "76"]
1. e4 c5 2. Nf3 e6 3. d4 cxd4 4. Nxd4 a6 5. Nc3 Qc7 6. Bd3 Nf6 7. O-O Bc5 8. Nb3 Be7 9. f4 d6 10. a4 Nc6 11. a5 b5 12. axb6 Qxb6+ 13. Rf2 O-O 14. Qf3 Nb4 15. Be3 Qc7 16. Na5 Bd7 17. h3 Rab8 18. Bd4 Nc6 19. Nxc6 Bxc6 20. Qe3 a5 21. e5 dxe5 22. Bxe5 Bd6 23. b3 Bxe5 24. Qxe5 Qxe5 25. fxe5 Nd7 26. Rxa5 Ra8 27. Rxa8 Rxa8 28. Re2 Ra5 29. b4 Rxe5 30. b5 Bb7 31. Rxe5 Nxe5 32. Be4 Bxe4 33. Nxe4 Kf8 34. Nd2 Ke7 35. c4 Nd7 36. Nb3 Kd6 37. Kf2 f5 38. Ke3 e5 1/2-1/2

[Event "51st Rubinstein Memorial"]
[Site "Polanica Zdroj POL"]
[Date "2015.08.26"]
[Round "5"]
[White "Klekowski, Maciej"]
[Black "Warakomski, Tomasz"]
[WhiteElo "2490"]
[BlackElo "2466"]
[Result "1/2-1/2"]
[EventDate "2015.08.22"]
[PlyCount "101"]
1. d4 d5 2. c4 e6 3. Nc3 Be7 4. cxd5 exd5 5. Bf4 Nf6 6. e3 Bf5 7. Nge2 Nbd7 8. Ng3 Be6 9. Bd3 g6 10. O-O O-O 11. Nb5 Ne8 12. Bh6 Ng7 13. Rc1 c6 14. Nc3 Bd6 15. e4 dxe4 16. Bxe4 Nf6 17. Bf3 Re8 18. Re1 Bxg3 19. hxg3 Nf5 20. Bg5 h6 21. Bxf6 Qxf6 22. d5 cxd5 23. Nxd5 Bxd5 24. Qxd5 Rxe1+ 25. Rxe1 Qxb2 26. Qd7 Rf8 27. a4 Nd4 28. Qxb7 Nxf3+ 29. Qxf3 Qd4 30. Re4 Qd7 31. Qe3 h5 32. a5 Rc8 33. Kh2 a6 34. Re7 Qd5 35. Qf4 Kg7 36. Re5 Qd6 37. Qe4 h4 38. Qd5 hxg3+ 39. Kxg3 Qc7 40. f4 Qc3+ 41. Qf3 Qd2 42. Re3 Rc4 43. Qe2 Qb4 44. Rf3 Qb5 45. Qd3 Qc5 46. Kh2 Qc7 47. Qd2 Qb8 48. Qf2 Rb4 49. Qd2 g5 50. Qd5 Qb5 51. Qxg5+ 1/2-1/2

[Event "51st Rubinstein Memorial"]
[Site "Polanica Zdroj POL"]
[Date "2015.08.26"]
[Round "5"]
[White "Kovalev, Andrei"]
[Black "Cyborowski, Lukasz"]
[WhiteElo "2509"]
[BlackElo "2530"]
[Result "1/2-1/2"]
[EventDate "2015.08.22"]
[PlyCount "61"]
1. e4 e5 2. Nf3 Nf6 3. Nxe5 d6 4. Nf3 Nxe4 5. d4 d5 6. Bd3 Be7 7. O-O Nc6 8. Nc3 Bf5 9. Re1 Nxc3 10. bxc3 Bxd3 11. Qxd3 O-O 12. Bf4 Na5 13. Ne5 f6 14. Ng4 Qd7 15. Qh3 Rad8 16. Qg3 Rc8 17. Nh6+ Kh8 18. Nf5 Rf7 19. Qd3 Bf8 20. Rab1 c6 21. Re3 g6 22. Nh6 Re7 23. Rxe7 Qxe7 24. Ng4 Nc4 25. Ne3 Na5 26. Ng4 Nc4 27. Ne3 Na5 28. Ng4 Nc4 29. Ne3 Na5 30. Ng4 Nc4 31. Ra1 1/2-1/2

[Event "51st Rubinstein Memorial"]
[Site "Polanica Zdroj POL"]
[Date "2015.08.26"]
[Round "5"]
[White "Sivuk, Vitaly"]
[Black "Krzyzanowski, Marcin"]
[WhiteElo "2479"]
[BlackElo "2420"]
[Result "0-1"]
[EventDate "2015.08.22"]
[PlyCount "82"]
1. d4 Nf6 2. c4 c5 3. d5 e5 4. Nc3 d6 5. e4 Be7 6. Bd3 Nbd7 7. Be3 h5 8. f3 h4 9. Nge2 a6 10. Qd2 Nh7 11. g3 Bg5 12. f4 Bh6 13. Ng1 Nhf6 14. Qe2 Qe7 15. O-O-O Nf8 16. Rf1 Bg4 17. Qd2 Bd7 18. Qe2 Bg4 19. Qe1 O-O-O 20. Kb1 exf4 21. gxf4 N6d7 22. h3 Bh5 23. Nf3 Bxf3 24. Rxf3 g5 25. e5 gxf4 26. exd6 Qe5 27. Bd2 Qxd6 28. Ne4 Qe7 29. Bc3 Rg8 30. d6 Qe6 31. Qxh4 f5 32. Nd2 Bg5 33. Qf2 Ng6 34. Re1 Qxd6 35. Bxf5 Bh4 36. Re6 Qf8 37. Rxf4 Bxf2 38. Rxf2 Nh4 39. Bf6 Nxf5 40. Bxd8 Rg1+ 41. Nf1 Kxd8 0-1